000 00461nam a2200181Ia 4500
001 11023
005 20260306161915.0
008 260306t1975||||xx |||||||||||||| ||spa||
041 _aESP
082 _a985.001
_bB26
100 _aBasadre, Jorge
_eAUT
245 0 _aLa vida y la historia:
_bensayos sobre personas, lugares y problemas
260 _c1975
300 _a612 páginas :
_c22 cm.
650 _aGEN
654 _aCHU
942 _cLIB
_dJUS
_fJUS
_2ddc
_n
999 _c11023
_d11023